A Friendly introduction to analysis: single and multivariable. (2nd ed.) (Record no. 63298)

MARC details
000 -LEADER
fixed length control field 00961nam a2200181 a 4500
008 - FIXED-LENGTH DATA ELEMENTS--GENERAL INFORMATION
fixed length control field 130419s2004 ||||||||||||||||| || u
020 ## - INTERNATIONAL STANDARD BOOK NUMBER
International Standard Book Number 0130457965
050 ## - LIBRARY OF CONGRESS CALL NUMBER
Classification number QA 303.2 Kos
100 ## - MAIN ENTRY--PERSONAL NAME
Personal name Kosmala, Witold A
245 12 - TITLE STATEMENT
Title A Friendly introduction to analysis: single and multivariable. (2nd ed.)
Statement of responsibility, etc. by Witold A.J. Kasmala
260 ## - PUBLICATION, DISTRIBUTION, ETC.
Place of publication, distribution, etc. Upper Saddle River, N.J.:
Name of publisher, distributor, etc. Pearson/Prentice Hall
Date of publication, distribution, etc. 2004
300 ## - PHYSICAL DESCRIPTION
Extent xv,574p.: ill.
650 ## - SUBJECT ADDED ENTRY--TOPICAL TERM
Topical term or geographic name entry element MATHEMATICAL ANALYSIS
650 #0 - SUBJECT ADDED ENTRY--TOPICAL TERM
Topical term or geographic name entry element CALCULUS
995 ## -
-- MAIN LIBRARY OPEN ACCESS
-- 743803
-- CBU-MAIN LIBRARY (Kitwe)
-- QA 303.2 Kos
-- 3
-- AVAILABLE
-- May 16, 2013
-- 743803
-- Main Library Open Access Collection
995 ## -
-- ANNEX COLLECTION (Main Library)
-- 743802
-- CBU-MAIN LIBRARY (Kitwe)
-- QA 303.2 Kos
-- 2
-- AVAILABLE
-- May 16, 2013
-- 743802
-- Annex Low-Usage Collection
995 ## -
-- MAIN LIBRARY OPEN ACCESS
-- 743801
-- CBU-MAIN LIBRARY (Kitwe)
-- QA 303.2 Kos
-- 1
-- AVAILABLE
-- May 16, 2013
-- 743801
-- Main Library Open Access Collection
999 ## -
-- 63298
-- 63298
Holdings
Withdrawn status Lost status Source of classification or shelving scheme Damaged status Not for loan Permanent Location Current Location Shelving location Date acquired Total Checkouts Full call number Barcode Date last seen Price effective from Koha item type
          CBU-MAIN LIBRARY, KITWE. CBU-MAIN LIBRARY, KITWE.   12/24/2022   QA 303.2 Kos 743803 12/24/2022 12/24/2022 MONOGRAPH
          CBU-MAIN LIBRARY, KITWE. CBU-MAIN LIBRARY, KITWE.   12/24/2022   QA 303.2 Kos 743802 12/24/2022 12/24/2022 MONOGRAPH
          CBU-MAIN LIBRARY, KITWE. CBU-MAIN LIBRARY, KITWE.   12/24/2022   QA 303.2 Kos 743801 12/24/2022 12/24/2022 MONOGRAPH